|
|
|
|
| LEADER |
00000cam a2200000 7i4500 |
| 001 |
0000005029 |
| 005 |
20151222.0 |
| 008 |
070801 |
| 020 |
|
|
|a 9839210688(set)
|
| 020 |
|
|
|a 9839210769
|
| 090 |
0 |
0 |
|a BIO
|b MAL
|
| 100 |
0 |
|
|a Nurul Iman Ramli
|
| 245 |
1 |
0 |
|a Sasterawan negara Datuk Shahnon Ahmad
|c Nurul Iman Ramli
|
| 260 |
|
|
|a Selangor :
|b Pustaka Penamas ,
|c 2006
|
| 440 |
|
|
|a Siri kegemilangan tokoh-tokoh negara
|
| 500 |
|
|
|a Children ages 10-12 years old (pink)
|
| 650 |
|
0 |
|a Biografi
|
| 650 |
|
0 |
|a Junior fiction
|x Malay
|x Languages
|
| 999 |
|
|
|a 0000915560
|b Book
|c Teenagers
|e Cawangan Bandar Tenggara
|
| 999 |
|
|
|a 0000915561
|b Book
|c Teenagers
|e Cawangan Bandar Tenggara
|
| 999 |
|
|
|a 0000915562
|b Book
|c Teenagers
|e Cawangan Bandar Tenggara
|
| 999 |
|
|
|a 0000979143
|b Book
|c Children Collection
|e Cawangan Kota Tinggi
|
| 999 |
|
|
|a 0000979144
|b Book
|c Children Collection
|e Cawangan Batu Pahat
|
| 999 |
|
|
|a 0000979145
|b Book
|c Children Collection
|e Perbadanan Perpustakaan Awam Johor
|
| 999 |
|
|
|a 0000979146
|b Book
|c Children Collection
|e Cawangan Kota Tinggi
|
| 999 |
|
|
|a 0000979147
|b Book
|c Children Collection
|e Perbadanan Perpustakaan Awam Johor
|
| 999 |
|
|
|a 0000979195
|b Book
|c Children Collection
|e Cawangan Bandar Penawar
|
| 999 |
|
|
|a 0000979196
|b Book
|c Children Collection
|e Cawangan Tmn. Ungku Tun Aminah
|
| 999 |
|
|
|a 0000979197
|b Book
|c Adult Collection
|e Cawangan Pontian
|
| 999 |
|
|
|a 0000979198
|b Book
|c Children Collection
|e Cawangan Bukit Gambir
|
| 999 |
|
|
|a 0001016934
|b Book
|c Children Collection
|e Cawangan Bandar Penawar
|
| 999 |
|
|
|a 0001016935
|b Book
|c Children Collection
|e Cawangan Tangkak
|
| 999 |
|
|
|a 0001016937
|b Book
|c Children Collection
|e Cawangan Bandar Penawar
|